|
|
|
|
| LEADER |
01474nam a2200397 a 4500 |
| 001 |
000618542 |
| 003 |
CZ BrMZK |
| 005 |
20090203140625.0 |
| 008 |
020823s2001 xr g f cze d |
| 015 |
|
|
|a cnb000890017
|
| 020 |
|
|
|a 80-85840-87-1
|
| 035 |
|
|
|a (OCoLC)50344303
|
| 040 |
|
|
|a BOA001
|b cze
|
| 041 |
1 |
|
|a cze
|h eng
|
| 043 |
|
|
|a e-fr---
|
| 072 |
|
7 |
|a 913(4)
|x Geografie Evropy, reálie, cestování
|2 Konspekt
|9 7
|
| 080 |
|
|
|a 913(44)
|2 MRF
|
| 080 |
|
|
|a (036)913
|2 MRF
|
| 100 |
1 |
|
|a Bennett, Lindsay
|7 xx0017763
|4 aut
|
| 245 |
1 |
0 |
|a Korsika :
|b [průvodce do kapsy /
|c text: Lindsay Bennett]
|
| 250 |
|
|
|a 1. české vyd.
|
| 260 |
|
|
|a Bučovice :
|b RO-TO-M,
|c 2001
|
| 300 |
|
|
|a 144 s. :
|b barev. il., mapy ;
|c 15 cm
|
| 490 |
1 |
|
|a Berlitz
|
| 500 |
|
|
|a Přeloženo z angličtiny
|
| 500 |
|
|
|a Podnázev z obálky
|
| 504 |
|
|
|a Obsahuje rejstřík
|
| 500 |
|
|
|a Dostupné též v digitální podobě v aplikaci Kramerius
|
| 655 |
|
7 |
|a turistické průvodce
|7 fd133738
|2 czenas
|
| 651 |
|
7 |
|a Korsika (Francie)
|7 ge134281
|2 czenas
|
| 830 |
|
0 |
|a Berlitz (RO-TO-M)
|0 s
|
| 856 |
4 |
1 |
|u http://www.digitalniknihovna.cz/mzk/uuid/uuid:660f4de0-0676-11ed-8cc5-005056827e51
|y Digitalizovaný dokument
|x NDK
|
| 910 |
|
|
|a BOA001
|b S-1105.561
|
| 990 |
|
|
|a BK
|
| 996 |
6 |
|
|b 2610167553
|c S-1105.561
|l MZK
|r Sklad / do 24 hodin
|n 8
|p p.v.
|w 000618542
|u 000010
|a 1
|e BOA001
|j MZK50
|s P
|
| 996 |
6 |
|
|b 2610212695
|c S-1105.561
|l MZK
|r Sklad / do 24 hodin
|n 5
|p p.v.
|w 000618542
|u 000020
|a 1
|e BOA001
|j MZK50
|s P
|